Guess the Country, But it's Wrong - Statistics

General Stats
  • This quiz has been taken 126 times
  • The average score is 8 of 10
Answer Stats
Hint Country % Correct
Upside down and kangaroos Australia
97%
Guns and hamburgers United States
96%
Nuclear wasteland and sushi Japan
95%
Everyone lives in igloos Canada | Iceland | Norway | Sweden
92%
Everyone eats only baguettesand chops off heads France
92%
Tea and muskets United Kingdom
89%
Island province of China Taiwan
85%
Everyone is a Leprechaun Ireland
83%
Cartels Mexico
73%
A certain girl scouts cookie was made there Samoa
14%
No matching quizzes found
Score Distribution
Percent of People with Each Score
Percentile by Number Answered
Your Score History
You have not taken this quiz